| 000 | 00449 a2200157 4500 | ||
|---|---|---|---|
| 020 | _a9780071703017 | ||
| 082 | _a005.7565 | ||
| 090 |
_c6699 _d6699 |
||
| 100 | _aZikopoulos,Paul C. | ||
| 245 |
_aBreak free with DB2 9.7 : A tour of cost-slashing new features _cPaul, C. zikopoulos |
||
| 260 |
_aUSA _bMcGraw Hill; _cc2010. |
||
| 300 |
_axix,139p. : _c25cm. |
||
| 650 | _aDatabase management | ||
| 700 | _aPaul, Zikopoulos | ||
| 942 |
_cBK _k005.7565 ZIK |
||
| 999 |
_c10527 _d10527 |
||